The prince and the pauper : (Record no. 200468289)

MARC details
000 -LEADER
fixed length control field 01442cam a2200385 a 4500
001 - CONTROL NUMBER
control field 200468289
003 - CONTROL NUMBER IDENTIFIER
control field TR-AnTOB
005 - DATE AND TIME OF LATEST TRANSACTION
control field 20260424112253.0
007 - PHYSICAL DESCRIPTION FIXED FIELD--GENERAL INFORMATION
fixed length control field ta
008 - FIXED-LENGTH DATA ELEMENTS--GENERAL INFORMATION
fixed length control field 970414t19651958nyu b 000 1 eng
010 ## - LIBRARY OF CONGRESS CONTROL NUMBER
LC control number 97013726
020 ## - INTERNATIONAL STANDARD BOOK NUMBER
International Standard Book Number 0140436693
040 ## - CATALOGING SOURCE
Original cataloging agency DLC
Transcribing agency DLC
Modifying agency OCL
-- XY4
-- BGZ
-- TR-AnTOB
Language of cataloging eng
Description conventions rda
041 0# - LANGUAGE CODE
Language code of text/sound track or separate title İngilizce
050 14 - LIBRARY OF CONGRESS CALL NUMBER
Classification number PS1316
Item number .A1 1965
090 ## - LOCALLY ASSIGNED LC-TYPE CALL NUMBER (OCLC); LOCAL CALL NUMBER (RLIN)
Classification number (OCLC) (R) ; Classification number, CALL (RLIN) (NR) PS1316
Local cutter number (OCLC) ; Book number/undivided call number, CALL (RLIN) .A1 1965
100 1# - MAIN ENTRY--PERSONAL NAME
Personal name Twain, Mark,
Dates associated with a name 1835-1910
9 (RLIN) 116971
Relator term author
245 14 - TITLE STATEMENT
Title The prince and the pauper :
Remainder of title a tale of young people of all ages /
Statement of responsibility, etc. by Mark Twain [Samuel L. Clemens].
260 ## - PUBLICATION, DISTRIBUTION, ETC.
Name of publisher, distributor, etc. Penguin Books,
Date of publication, distribution, etc. 1997.
264 ## - PRODUCTION, PUBLICATION, DISTRIBUTION, MANUFACTURE, AND COPYRIGHT NOTICE
Place of production, publication, distribution, manufacture New York :
Name of producer, publisher, distributor, manufacturer Harper & Row, Publishers,
Date of production, publication, distribution, manufacture, or copyright notice 1965.
Date of production, publication, distribution, manufacture, or copyright notice ©1965, 1958
300 ## - PHYSICAL DESCRIPTION
Extent xix,, 199 pages ;
Dimensions 20 cm
336 ## - CONTENT TYPE
Content type term text
Content type code txt
Source rdacontent
337 ## - MEDIA TYPE
Media type term unmediated
Media type code n
Source rdamedia
338 ## - CARRIER TYPE
Carrier type term volume
Carrier type code nc
Source rdacarrier
520 ## - SUMMARY, ETC.
Summary, etc. When chance brings Edward Tudor and Tom Canty together, they decide for fun to switch clothes and places. Exchanging their roles as heir to the throne of England and as a pauper's son, they learn how the other half really lives.
600 00 - SUBJECT ADDED ENTRY--PERSONAL NAME
Personal name Edward
Numeration VI,
Titles and other words associated with a name King of England,
Dates associated with a name 1537-1553
Form subdivision Fiction.
650 #0 - SUBJECT ADDED ENTRY--TOPICAL TERM
Topical term or geographic name entry element Impostors and imposture
Form subdivision Fiction.
9 (RLIN) 88144
Topical term or geographic name entry element Poor children
Form subdivision Fiction.
Topical term or geographic name entry element Princes
Form subdivision Fiction.
Topical term or geographic name entry element Boys
Form subdivision Fiction.
9 (RLIN) 35002
651 #0 - SUBJECT ADDED ENTRY--GEOGRAPHIC NAME
Geographic name London (England)
Form subdivision Fiction.
9 (RLIN) 5101
942 ## - ADDED ENTRY ELEMENTS (KOHA)
Source of classification or shelving scheme Library of Congress Classification
Koha item type Book
Holdings
Withdrawn status Lost status Source of classification or shelving scheme Damaged status Not for loan Collection code Home library Current library Shelving location Date acquired Source of acquisition Inventory number Total Checkouts Full call number Barcode Date last seen Copy number Date shelved Koha item type Public note
    Library of Congress Classification Kullanılmış / Used Ödünç Verilemez-Kurumiçi kullanım / Not for loan-For inhouse use Genel Koleksiyon Tıp Fakültesi Medikal Kütüphane Tıp Fakültesi Medikal Kütüphane Genel Koleksiyon / Main Collection 18/03/2026 Bağış / Donation İDE   PS1316 .A1 1965 TıpFaK TF03265 24/04/2026 1 24/04/2026 Book Donated by Prof. Dr. Şükrü Cin
Devinim Yazılım Eğitim Danışmanlık tarafından Koha'nın orjinal sürümü uyarlanarak geliştirilip kurulmuştur.